| 000 | 01827nas1a22003491i 4500 | ||
|---|---|---|---|
| 001 | RU\NLR\Per\550266 | ||
| 005 | 20260407191820.0 | ||
| 011 |
_a1998-9318 _y0007-0290 |
||
| 035 | _a(NLR Aleph) 002718371 | ||
| 090 |
_a1848539 _c1848539 |
||
| 100 | _a20080623a20089999|||y0rusy50 ca | ||
| 101 | 0 | _arus | |
| 102 | _aRU | ||
| 110 | _aah||||||||| | ||
| 200 | 1 |
_aТехника железных дорог _eтенденции, аналитика, статистика _fОб-ние производителей ж.д. техники |
|
| 210 |
_aМосква _cИнститут проблем естественных монополий _d2008 - |
||
| 517 | 1 | _aВестник Института проблем естественных монополий: Техника железных дорог | |
| 606 |
_aЖелезнодорожное машиностроение _jПериодические издания _91210678 _3RU\NLR\AUTH\66172890 |
||
| 686 | 1 | _aО2я52 | |
| 712 | 0 | 2 |
_aОбъединение производителей железнодорожной техники _cМосква _3RU\NLR\AUTH\8810125056 _9747589 |
| 801 | 2 |
_aRU _bNLR _c20080701 _2rusmarc |
|
| 801 | 0 |
_aRU _bNLR _gPSBO |
|
| 801 | 1 |
_aRU _bNLR _c20080623 _2rusmarc |
|
| 852 |
_aNLR _jП11/5486 |
||
| 942 | _cJOURNAL | ||
| 980 | _aRUSPER | ||